Bret Hart's career opponents - Statistics

General Stats
  • This quiz has been taken 574 times
    318 since last reset
  • The average score is 76 of 167
Answer Stats
% Correct
Davey Boy Smith
96%
"Macho Man" Randy Savage
96%
Hulk Hogan
95%
Owen Hart
95%
Goldberg
93%
Shawn Michaels
91%
"Stone Cold" Steve Austin
91%
The Undertaker
91%
Diesel
90%
Ric Flair
90%
"Rowdy" Roddy Piper
89%
Yokozuna
89%
Crush
88%
Mr. Perfect
88%
Haku
85%
Jim "The Anvil" Neidhart
85%
"Million Dollar Man" Ted Dibiase
85%
Bam Bam Bigelow
84%
Vince McMahon
84%
Chris Benoit
83%
Lex Luger
83%
Sid
83%
Sting
83%
Goldust
82%
Triple H
81%
1-2-3 Kid
80%
Jerry "The King" Lawler
80%
Greg "The Hammer" Valentine
79%
Smash
78%
Tito Santana
78%
Booker T
76%
Earthquake
76%
Rick Martel
76%
Bad News Brown
73%
The Mountie
73%
Vader
73%
Andre the Giant
72%
The Honkytonk Man
72%
Bob Backlund
71%
Virgil
71%
Big Bossman
69%
Dino Bravo
69%
Jeff Jarrett
69%
The Barbarian
69%
Ken Shamrock
68%
Mankind
68%
Skinner
68%
Tatanka
68%
The Warlord
68%
Hercules
67%
Mike Rotundo
67%
Ricky "The Dragon" Steamboat
67%
Terry Funk
67%
Billy Gunn
66%
King Kong Bundy
66%
Hakushi
64%
The Miz
64%
Isaac Yankem
63%
Paul Roma
63%
Fatu
62%
Adam Bomb
61%
Barry Horowitz
61%
Doink the Clown
61%
Akeem
60%
Dynamite Kid
60%
Faarooq
60%
Scott Hall
60%
Kamala
59%
The Brooklyn Brawler
57%
"Diamond" Dallas Page
56%
"Cowboy" Bob Orton
55%
Jim Brunzell
54%
Papa Shango
54%
Rocky Maivia
54%
B. Brian Blair
53%
Brian Knobbs
53%
Jerry Sags
53%
"Razor Ramon"
53%
"Iron" Mike Sharpe
52%
Jim Powers
52%
The Iron Sheik
51%
The Patriot
51%
"Mr. Wonderful" Paul Orndorff
49%
Brutus Beefcake
48%
Dean Malenko
48%
Ray Rougeau
48%
The Berzerker
48%
Perry Saturn
47%
Koko B. Ware
46%
Danny Davis
45%
Don Muraco
45%
Junkyard Dog
44%
Henry O. Godwinn
40%
Tiger Mask
40%
Konnan
39%
George "The Animal" Steele
37%
Blake Beverly
36%
Fit Finlay
36%
S.D. Jones
33%
Billy Kidman
32%
Ludvig Borga
32%
David Sammartino
31%
Boris Zhukov
30%
Ken Patera
30%
Nailz
30%
Pedro Morales
30%
Sgt. Slaughter
30%
Tom Prichard
30%
Jimmy Del Ray
29%
Mr. Hughes
29%
Mantaur
27%
Tony Atlas
27%
Tatsumi Fujinami
26%
Dan Spivey
23%
Disco Inferno
23%
Ivan Putski
23%
Billy Jack Haynes
22%
Lanny Poffo
22%
Tiger Chung Lee
22%
Tony Garea
21%
Al Perez
20%
Jean Pierre Lafitte
20%
Louie Spicolli
20%
Barry O
19%
Kato
19%
Adrian Street
18%
Buddy Rose
17%
David Schultz
16%
Kwang
16%
Leif Cassidy
16%
Mike Shaw
14%
Riki Choshu
14%
Austin Idol
13%
George Wells
13%
Nick Bockwinkel
13%
Terry Gibbs
13%
Moondog Rex
12%
Moondog Spot
12%
Mr. Fuji
12%
Rene Goulet
12%
Swede Hanson
12%
Mr. Wrestling II
11%
Big Bully Busick
10%
Jerry Valiant
10%
Johnny Valiant
10%
Kengo Kimura
9%
Paul "Butcher" Vachon
9%
The Spoiler
9%
Animal Hamaguchi
7%
Buzz Sawyer
7%
Rick McGraw
7%
Akira Maeda
6%
Buddy Landell
6%
Sivi Afi
6%
Jose Luis Rivera
5%
Strong Kobayashi
5%
Tim Horner
3%
Van Hammer
3%
Will Sasso
3%
J.J. Dillon
2%
George Takano
1%
Les Thornton
1%
The Cuban Assassin
1%
The Great Kabuki
1%
Tiger Mask II
1%
Conquistador Uno
0%
Killer Kahn
0%
No matching quizzes found
Score Distribution
Percent of People with Each Score
Percentile by Number Answered
Your Score History
You have not taken this quiz since the last reset